| 000 | 00470nam a2200181Ia 4500 | ||
|---|---|---|---|
| 003 | GCL | ||
| 008 | 140319s9999 xx 000 0 eng d | ||
| 040 |
_aGCL / _cGCL |
||
| 082 | 0 | 4 |
_a338.956 _bW E |
| 100 | 1 | _aWILSON, RODNEX | |
| 245 | 1 | 0 |
_aECONOMIC DEVELOPMENT IN THE MIDDLE EAST / _cWILSON, RODNEX |
| 260 |
_a[S.N] : _bROUTLEDGE ، _c1995 |
||
| 300 | _a215 P | ||
| 650 | 0 | 4 | _aECONOMICS |
| 650 | 0 | 4 | _aECONOMIC DEVELOPMENT |
| 650 | 0 | 4 | _aMIDDLE EAST |
| 942 |
_2ddc _cBK |
||
| 999 |
_c11756 _d11756 |
||